| 000 | 00943cam a22002895a 4500 | ||
|---|---|---|---|
| 001 | ocn827266772 | ||
| 003 | OSt | ||
| 005 | 20150521155225.0 | ||
| 008 | 130125s2013 enkae frb 001 0 eng d | ||
| 020 | _a9780230391758 (pbk.) | ||
| 020 | _a0230391753 (pbk.) | ||
| 040 |
_aUKMGB _beng _cUKMGB _dOCLCO _dBTCTA _dYDXCP _dBDX _dUKWOH _dOCLCF _dCDX _dEG-ScBUE |
||
| 082 | 0 | 4 |
_a331.70235 _222 _bROO |
| 100 | 1 |
_aRook, Steve. _938061 |
|
| 245 | 1 | 4 |
_aThe graduate career guidebook / _cSteve Rook. |
| 260 |
_aHampshire ; _aNew York : _bPalgrave Macmillan, _c2013. |
||
| 300 |
_axiv, 240 p. : _bplans, tables ; _c25 cm. |
||
| 490 | 0 | _aPalgrave study skills | |
| 500 | _aIndex : p. 237-240. | ||
| 504 | _aBibliography : p. 234-236. | ||
| 650 | 0 |
_aCollege graduates _xVocational guidance. _2BUEsh |
|
| 650 | 7 |
_aCollege graduates _xVocational guidance. _2fast |
|
| 651 | _2BUEsh | ||
| 653 |
_bGGEN _cMay2015 |
||
| 655 |
_vreading book _934232 |
||
| 942 | _2ddc | ||
| 999 |
_c19410 _d19382 |
||